Pinkalicious : (Record no. 2430)

MARC details
000 -LEADER
fixed length control field 01460cam a22004217a 4500
001 - CONTROL NUMBER
control field 2430
003 - CONTROL NUMBER IDENTIFIER
control field FISKH
005 - DATE AND TIME OF LATEST TRANSACTION
control field 20240109101834.0
008 - FIXED-LENGTH DATA ELEMENTS--GENERAL INFORMATION
fixed length control field 120620s2013 nyua j 000 1 eng d
010 ## - LIBRARY OF CONGRESS CONTROL NUMBER
LC control number 2012942504
015 ## - NATIONAL BIBLIOGRAPHY NUMBER
National bibliography number GBB2B9145
Source bnb
016 7# - NATIONAL BIBLIOGRAPHIC AGENCY CONTROL NUMBER
Record control number 016218702
Source Uk
020 ## - INTERNATIONAL STANDARD BOOK NUMBER
International Standard Book Number 9780062187703
035 ## - SYSTEM CONTROL NUMBER
System control number (OCoLC)ocn820106978
040 ## - CATALOGING SOURCE
Original cataloging agency UKMGB
Language of cataloging eng
Transcribing agency UKMGB
Modifying agency BTCTA
-- BDX
-- QX9
-- OJ4
-- NYP
-- YDXCP
-- OPW
-- ZAC
-- DLC
042 ## - AUTHENTICATION CODE
Authentication code lccopycat
050 00 - LIBRARY OF CONGRESS CALL NUMBER
Classification number PZ7.K12774
082 04 - DEWEY DECIMAL CLASSIFICATION NUMBER
Classification number 813.6
100 1# - MAIN ENTRY--PERSONAL NAME
Personal name Kann, Victoria
245 10 - TITLE STATEMENT
Title Pinkalicious :
Remainder of title Pink or Treat! /
Statement of responsibility, etc. by Victoria Kann
246 30 - VARYING FORM OF TITLE
Title proper/short title Flower girl
250 ## - EDITION STATEMENT
Edition statement First edition
260 ## - PUBLICATION, DISTRIBUTION, ETC.
Place of publication, distribution, etc. New York :
Name of publisher, distributor, etc. Harper Festival,
Date of publication, distribution, etc. 2013
300 ## - PHYSICAL DESCRIPTION
Extent 24 unnumbered pages :
Other physical details Color illustrations :
Dimensions 21cm
490 ## - SERIES STATEMENT
Materials specified Pink or Treat !
505 ## - FORMATTED CONTENTS NOTE
Formatted contents note O <br/>
520 ## - SUMMARY, ETC.
Summary, etc. When a big storm shuts down all the power in Pinkville, Pinkalicious must turn into Pinkagirl to save Halloween!
521 1# - TARGET AUDIENCE NOTE
Target audience note 650 <br/>
Source Lexile <br/><br/>
521 1# - TARGET AUDIENCE NOTE
Target audience note O <br/>
Source Raz-Plus <br/>
650 #0 - SUBJECT ADDED ENTRY--TOPICAL TERM
Topical term or geographic name entry element Flowers
Form subdivision Juvenile fiction.
650 #0 - SUBJECT ADDED ENTRY--TOPICAL TERM
Topical term or geographic name entry element Pink
Form subdivision Juvenile fiction.
650 #0 - SUBJECT ADDED ENTRY--TOPICAL TERM
Topical term or geographic name entry element Pinkalicious (Fictitious character)
Form subdivision Pictorial works
-- Juvenile fiction.
655 #7 - INDEX TERM--GENRE/FORM
Genre/form data or focus term Children's stories
Form subdivision Pictorial works.
Source of term gsafd
700 ## - ADDED ENTRY--PERSONAL NAME
Personal name Kann, Victoria
906 ## - LOCAL DATA ELEMENT F, LDF (RLIN)
a 7
b cbc
c copycat
d 2
e ncip
f 20
g y-gencatlg
942 ## - ADDED ENTRY ELEMENTS (KOHA)
Source of classification or shelving scheme Dewey Decimal Classification
Koha item type Books
Suppress in OPAC No
Holdings
Withdrawn status Lost status Source of classification or shelving scheme Damaged status Not for loan Collection Home library Current library Shelving location Date acquired Total Checkouts Full call number Barcode Date last seen Date last checked out Price effective from Koha item type
    Dewey Decimal Classification     Juvenile Fiction Footprints International School Library Network Toul Kork Campus Footprints International School Library Network Toul Kork Campus   12/07/2023 1 KAN Fic 813.6 FIS03519 04/08/2024 03/27/2024 12/07/2023 Books